LENA : (Record no. 203448)

MARC details
000 -LEADER
fixed length control field 00992nam a2200265 i 4500
003 - CONTROL NUMBER IDENTIFIER
control field OSt
005 - DATE AND TIME OF LATEST TRANSACTION
control field 20260316124215.0
008 - FIXED-LENGTH DATA ELEMENTS--GENERAL INFORMATION
fixed length control field 260316s2025 my a gr 001 0 may d
020 ## - INTERNATIONAL STANDARD BOOK NUMBER
International Standard Book Number 9786297570808
Terms of availability RM 20.00
Qualifying information paperback
040 ## - CATALOGING SOURCE
Original cataloging agency PPAK
Language of cataloging eng
Transcribing agency PPAK
Description conventions rda
082 04 - DEWEY DECIMAL CLASSIFICATION NUMBER
Edition number 23
Classification number 616.84982
090 00 - LOCALLY ASSIGNED LC-TYPE CALL NUMBER (OCLC); LOCAL CALL NUMBER (RLIN)
Classification number (OCLC) (R) ; Classification number, CALL (RLIN) (NR) 616.84982
Feature heading TEN
Feature heading G
100 0# - MAIN ENTRY--PERSONAL NAME
Personal name Tengku Mohd Saifuddin Tengku Kamarulbahri,
Relator term author.
245 10 - TITLE STATEMENT
Title LENA :
Remainder of title Hentikan Masa, Mimpikan Bahagia /
Statement of responsibility, etc. Tengku Mohd Saifuddin ; Editor: Muhd Khairul Adhwa bin Abdul Halim
264 #1 - PRODUCTION, PUBLICATION, DISTRIBUTION, MANUFACTURE, AND COPYRIGHT NOTICE
Place of production, publication, distribution, manufacture Kajang, Selangor :
Name of producer, publisher, distributor, manufacturer Aras Mega (M) Sdn. Bhd.,
Date of production, publication, distribution, manufacture, or copyright notice [2025?]
300 ## - PHYSICAL DESCRIPTION
Extent ix, 83 pages :
Other physical details illustrations ;
Dimensions 21 cm
336 ## - CONTENT TYPE
Content type term text
Source rdacontent
337 ## - MEDIA TYPE
Media type term unmediated
Source rdamedia
338 ## - CARRIER TYPE
Carrier type term volume
Source rdacarrier
504 ## - BIBLIOGRAPHY, ETC. NOTE
Bibliography, etc. note Includes bibliographical references and index
650 10 - SUBJECT ADDED ENTRY--TOPICAL TERM
Topical term or geographic name entry element Insomnia, Sleep disorders
Topical term or geographic name entry element Insomnia
Source of heading or term Alternative treatment
700 0# - ADDED ENTRY--PERSONAL NAME
Personal name Muhd Khairul Adhwa bin Abdul Halim,
Relator term editor.
942 ## - ADDED ENTRY ELEMENTS (KOHA)
Source of classification or shelving scheme Dewey Decimal Classification
Koha item type Book
Holdings
Withdrawn Not for loan Current library Shelving location Date acquired Total Checkouts Full call number Barcode Date last seen Koha item type
    Perpustakaan Alor Setar Pinjaman Dewasa 31/03/2026   616.84982 TEN A01912174 31/03/2026 Book
    Perpustakaan Awam Sungai Petani Pinjaman Dewasa 31/03/2026   616.84982 TEN A01912175 31/03/2026 Book
    Perpustakaan Baling Pinjaman Dewasa 31/03/2026   616.84982 TEN A01912179 31/03/2026 Book
    Perpustakaan Bandar Baharu Pinjaman Dewasa 31/03/2026   616.84982 TEN A01912180 31/03/2026 Book
    Perpustakaan Jitra Pinjaman Dewasa 31/03/2026   616.84982 TEN A01912176 31/03/2026 Book
    Perpustakaan Kulim Pinjaman Dewasa 31/03/2026   616.84982 TEN A01912178 31/03/2026 Book
    Perpustakaan Langkawi Pinjaman Dewasa 31/03/2026   616.84982 TEN A01912177 31/03/2026 Book